Вып. 12; Математические вопросы кибернетики

Dades bibliogràfiques
Parent link:Математические вопросы кибернетики: сборник статей. Вып. 12.— , 1988-
Altres autors: Лупанов О. Б. (редактор)
Idioma:rus
Publicat: 2003
Matèries:
Format: Llibre
KOHA link:https://koha.lib.tpu.ru/cgi-bin/koha/opac-detail.pl?biblionumber=67590

MARC

LEADER 00000nam2a2200000 4500
001 67590
005 20231031073652.0
010 |a 5922104985 
035 |a (RuTPU)RU\TPU\book\71969 
090 |a 67590 
100 |a 20040917d2003 k y0rusy50 ca 
101 0 |a rus 
102 |a RU 
105 |a y z 001zy 
200 0 |a Вып. 12  |f под ред. О. Б. Лупанова 
210 |d 2003 
215 |a 304 с. 
320 |a Библиография в конце статей 
461 1 |0 (RuTPU)RU\TPU\book\70650  |t Математические вопросы кибернетики  |o сборник статей  |v Вып. 12  |d 1988-  
610 1 |a кибернетика 
610 1 |a дискретная математика 
610 1 |a математическая логика 
610 1 |a булевы функции 
610 1 |a минимизация 
610 1 |a неустойчивые задачи 
610 1 |a управляющие системы 
610 1 |a сложность 
610 1 |a надежность 
610 1 |a проблемы 
675 |a 681.5:51  |v 3 
702 1 |a Лупанов  |b О. Б.  |4 340 
801 1 |a RU  |b 63413507  |c 20040917  |g PSBO 
801 2 |a RU  |b 63413507  |c 20091224  |g PSBO 
942 |c BK